| 000 | 02558nam0a2200361 4500 | ||
|---|---|---|---|
| 001 | RU\NLR\bibl\1843058 | ||
| 005 | 20260408053538.0 | ||
| 010 |
_a978-5-89448-858-5 _9200 |
||
| 021 |
_aRU _b2011-90265 _96460 |
||
| 035 | _a(NLR Aleph) 001833506 | ||
| 090 |
_a2172192 _c2172192 |
||
| 100 | _a20111205d2011 |||y0rusy50 ca | ||
| 101 | 0 | _arus | |
| 102 | _aRU | ||
| 105 | _aac ||||||||| | ||
| 200 | 1 |
_aМатериалы Международной научно-технической интернет-конференции "Энергосберегающие процессы и аппараты в пищевых и химических производствах" ("ЭПАХПП-2011") _eпосвящается 50-летию кафедры "Процессы и аппараты химических и пищевых производств", 27-28 сентября 2011 года, г. Воронеж |
|
| 210 |
_aВоронеж _cГОУ ВПО "Воронежская государственная технологическая академия" _d2011 |
||
| 215 |
_a583 с. _cил., цв. ил., портр. _d21 |
||
| 300 | _aВ надзаг.: М-во образования и науки Рос. Федерации, ГОУВПО "Воронежская гос. технол. акад." | ||
| 320 | _aБиблиогр. в конце докл. | ||
| 606 | 1 |
_aХимическое оборудование _jСъезды, совещания и т.п. _92193469 _3RU\NLR\auth\661318429 |
|
| 606 | 1 |
_aПищевые предприятия _jСъезды, совещания и т.п. _xОборудование _91250276 _3RU\NLR\auth\66194756 |
|
| 606 | 1 |
_aПищевые предприятия _jУчебные издания для высших учебных заведений _xЭкономия электроэнергии _92145200 _3RU\NLR\auth\661292498 |
|
| 606 | 1 |
_aХимические заводы _jСъезды, совещания и т.п. _xЭкономия электроэнергии _91878113 _3RU\NLR\auth\661143828 |
|
| 686 | _aЛ10-420.7я431(0) | ||
| 686 | _aЛ80-420.7я431(0) | ||
| 710 | 1 | 2 |
_a"Энергосберегающие процессы и аппараты в пищевых и химических производствах", международная научно-техническая Интернет-конференция _f2011 _eВоронеж _3RU\NLR\AUTH\8810199892 _9288196 |
| 801 | 0 |
_aRU _bNLR _c20111205 _gRCR |
|
| 801 | 1 |
_aRU _bNLR _c20111205 |
|
| 942 | _cBOOK | ||
| 980 | _aNB | ||
| 980 | _aNBR | ||